| Tag |
First Indicator |
Second Indicator |
Subfields |
| LEADER |
00000pam a2200000 i 4500 |
| 001 |
in00000668607 |
| 005 |
20151015083659.0 |
| 008 |
800220s1980 ilu b 00000 eng |
| 010 |
|
|
|a 80011854
|
| 035 |
|
|
|a (OCoLC)06086341
|
| 035 |
|
|
|9 ACY0773AM
|
| 040 |
|
|
|a DLC
|c DLC
|d TXA
|d UtOrBLW
|
| 049 |
|
|
|a TXAM
|c [1270079]
|
| 050 |
0 |
0 |
|a Z5853.H9
|b T44
|a TC409
|
| 082 |
0 |
|
|a 016.33391/15
|
| 245 |
0 |
4 |
|a The Theory and practice of environmental quality analysis :
|b water resources management, land suitability analysis, economics, and aesthetics /
|c by Eric Hyman [and others].
|
| 264 |
|
1 |
|a Chicago :
|b Council of Planning Librarians,
|c 1980.
|
| 300 |
|
|
|a xiii, 89 pages ;
|c 28 cm.
|
| 336 |
|
|
|a text
|b txt
|2 rdacontent
|
| 337 |
|
|
|a unmediated
|b n
|2 rdamedia
|
| 338 |
|
|
|a volume
|b nc
|2 rdacarrier
|
| 490 |
1 |
|
|a CPL bibliography ; no. 27
|
| 650 |
|
0 |
|a Water resources development
|x Environmental aspects
|x Bibliography.
|
| 650 |
|
0 |
|a Water resources development
|x Cost effectiveness
|x Bibliography.
|
| 650 |
|
0 |
|a Environmental impact analysis
|v Bibliography.
|
| 700 |
1 |
|
|a Hyman, Eric.
|
| 830 |
|
0 |
|a CPL bibliography ;
|v no. 27.
|
| 999 |
|
|
|a MARS
|
| 999 |
f |
f |
|s 06c2d7c8-fa5f-37a6-8899-efe98fde2feb
|i d84aa75e-6f5b-34b6-a6ab-bde467752202
|t 0
|
| 952 |
f |
f |
|p ric
|a Texas A&M University
|b Rellis Campus
|c Joint Library Facility
|d Remote Storage
|t 0
|e Z5853.H9 T44
|h Library of Congress classification
|i unmediated -- volume
|m A14805789185
|
| 998 |
f |
f |
|a Z5853.H9 T44
|t 0
|l Remote Storage
|